[Event "Stay Safe Play From Home 364"]
[Site "Emanuel Lasker Arena"]
[Date "2020.08.07"]
[Round "5"]
[White "SoulofWolf"]
[Black "Hickey"]
[Result "1/2-1/2"]
[WhiteElo "2249"]
[BlackElo "2114"]
[Annotator "TA"]
[PlyCount "134"]
[EventDate "2020.08.07"]
[EventType "swiss (blitz)"]

{[%evp 10,134,27,10,14,12,19,9,14,14,14,16,24,17,23,17,37,19,24,0,10,11,25,12,19,5,10,-5,-8,-20,-16,-23,-6,-22,-15,-21,-15,0,0,0,0,-24,0,-11,42,-11,66,0,9,-52,-26,-41,-29,-41,0,-46,-6,-52,-52,-40,-38,-41,177,189,194,193,447,420,372,351,407,371,376,348,345,0,0,0,0,0,8,8,39,39,39,39,39,39,39,39,60,60,109,39,67,67,75,7,61,39,39,39,39,39,39,0,39,39,39,0,39,39,39,0,0,0,0,0,0,0,0,0,0,0,0,0,0]} 1. e4 c6 2. Nc3 d5 3. Nf3 dxe4 4. Nxe4 Nf6 5. Ng3 Bg4 6. Be2 e6 {B11: Caro-Kann: Two Knights Variation.} 7. d4 Be7 8. O-O (8. Bf4 {seems wilder.} O-O 9. O-O Nd5 10. Bd2 Nf6 11. c3) 8... O-O {[#]} 9. h3 $146 ({Predecessor:} 9. b3 Nbd7 10. Bb2 Nh5 11. Nxh5 Bxh5 12. Ne5 Bxe2 13. Qxe2 Nxe5 14. dxe5 Bc5 15. Rad1 {0-1 (65) May,B (1692)-Farokhi,K (1963) Willingen 2019}) 9... Bxf3 10. Bxf3 Re8 11. c3 Nbd7 12. Re1 Bf8 13. Bg5 Qc7 14. Qd2 h6 15. Bf4 Qb6 16. Rab1 (16. a4 {looks sharper.} a5 17. Nf1 c5 18. dxc5 Nxc5 19. Qc2) 16... Nd5 17. Bxd5 cxd5 18. Be3 Nf6 19. f3 Rac8 20. Ne2 Qc6 21. Nf4 b5 22. Nd3 Bd6 23. a3 Qc7 24. g4 a5 25. Re2 Nh7 26. Rf1 f6 (26... Qb8 $11) 27. Kg2 (27. f4 $14) 27... Qf7 (27... e5 $11) 28. f4 (28. Bf4 $14 Qd7 29. h4) 28... Rc4 29. b3 (29. Qd1 $11) 29... Rc6 30. b4 axb4 31. axb4 Ra6 32. f5 e5 33. dxe5 fxe5 34. Bc5 Bc7 {And now ...d4 would win.} 35. Qe1 {[%cal Rd3e5]} Rc6 $2 (35... e4 $15 {stays ahead.}) 36. Nxe5 $18 Bxe5 37. Rxe5 Rxe5 $2 (37... Rcc8 {is a better defense.} 38. Bd4 Ng5 39. Rxe8+ Rxe8) 38. Qxe5 Nf6 39. Qb8+ Kh7 40. Qxb5 Qc7 41. Qd3 Ne4 42. Qf3 $2 (42. Bd4 $18) 42... Nxc5 $11 43. bxc5 Rxc5 {[%mdl 4096] Endgame KQR-KQR} 44. Rc1 Qc6 45. Rc2 $36 {[%mdl 2048] White is more active.} d4 {[%cal Rd4c3]} 46. Qxc6 Rxc6 $14 {KR-KR} 47. c4 {Kf2 is the strong threat.} d3 48. Rd2 Rxc4 {[#] White must now prevent ...Rc2.} 49. Rxd3 Rc2+ 50. Kg3 Rb2 51. Rf3 ({White should play} 51. Kh4 $16) 51... Rb6 52. h4 Rf6 53. Ra3 (53. g5 $16 hxg5 54. hxg5) 53... g6 ({Black should try} 53... h5 $11) 54. fxg6+ Kxg6 55. Ra7 {[#] h5+ would kill now.} Re6 56. Ra4 Rd6 57. Ra3 Re6 58. Rf3 Rd6 59. Rf4 Re6 60. Rf2 Re3+ 61. Kg2 Re4 {The position is equal.} 62. h5+ Kg5 63. Kg3 {[%csl Gg4][%cal Rf2f5]} Rxg4+ 64. Kh3 Rh4+ 65. Kg3 Rg4+ 66. Kh3 Rh4+ 67. Kg3 Rg4+ {Blacks defense is rewarded with a draw. Accuracy: White = 76%, Black = 70%.} 1/2-1/2

[Event "Stay Safe Play From Home 364"]
[Site "Emanuel Lasker Arena"]
[Date "2020.08.07"]
[Round "5"]
[White "Lazieri3"]
[Black "Ao017545"]
[Result "1-0"]
[WhiteElo "2038"]
[BlackElo "1685"]
[Annotator "NA"]
[PlyCount "49"]
[EventDate "2020.08.07"]
[EventType "swiss (blitz)"]

1. e4 {[%emt 0:00:02]} e5 {[%emt 0:00:00]} 2. Nc3 {[%emt 0:00:00]} Nf6 {[%emt 0:00:00]} 3. Nf3 {[%emt 0:00:00]} Bc5 {[%emt 0:00:01]} 4. d4 {[%emt 0:00:00]} exd4 {[%emt 0:00:02]} 5. Nxd4 {[%emt 0:00:00]} Nc6 {[%emt 0:00:01]} 6. Nxc6 {[%emt 0:00:01]} bxc6 {[%emt 0:00:02]} 7. Bd3 {[%emt 0:00:01]} d5 {[%emt 0:00:03]} 8. exd5 {[%emt 0:00:00]} cxd5 {[%emt 0:00:04]} 9. O-O {[%emt 0:00:01]} Bg4 {[%emt 0:00:03]} 10. Be2 {[%emt 0:00:02]} h5 {[%emt 0:00:08]} 11. h3 {[%emt 0:00:02]} Kf8 {[%emt 0:00:03]} 12. Bg5 {[%emt 0:00:01]} Bd6 {[%emt 0:00:02]} 13. Bxf6 {[%emt 0:00:04]} Qxf6 {[%emt 0:00:02]} 14. Nxd5 {[%emt 0:00:01]} Qe5 {[%emt 0:00:03]} 15. f4 {[%emt 0:00:02]} Bc5+ {[%emt 0:00:04]} 16. Kh1 {[%emt 0:00:02]} Qe4 {[%emt 0:00:02]} 17. Bxg4 {[%emt 0:00:05]} hxg4 {[%emt 0:00:02]} 18. Qxg4 {[%emt 0:00:02]} f5 {[%emt 0:00:03]} 19. Qf3 {[%emt 0:00:03]} Qxf3 {[%emt 0:00:02]} 20. Rxf3 {[%emt 0:00:00]} Rd8 {[%emt 0:00:03]} 21. Nxc7 {[%emt 0:00:01]} Rd2 {[%emt 0:00:01]} 22. Ne6+ {[%emt 0:00:01]} Kf7 {[%emt 0:00:02]} 23. Nxc5 {[%emt 0:00:01]} Rxc2 {[%emt 0:00:00]} 24. Nd3 {[%emt 0:00:02]} Rxb2 {[%emt 0:00:00]} 25. Nxb2 {[%emt 0:00:01] Ao017545 terk eder Ao017545 terk eder Ao017545 terk eder Ao017545 terk eder Ao017545 terk eder (Lag: Av=0.82s, max=1.5s) (Lag: Av=0.82s, max=1.5s) (Lag: Av=0.82s, max=1.5s) (Lag: Av=0.82s, max=1.5s) (Lag: Av=0.82s, max=1.5s)} 1-0

[Event "Stay Safe Play From Home 364"]
[Site "Emanuel Lasker Arena"]
[Date "2020.08.07"]
[Round "5"]
[White "Cirovicz"]
[Black "Little champs"]
[Result "0-1"]
[WhiteElo "1804"]
[BlackElo "2131"]
[Annotator "TA"]
[PlyCount "124"]
[EventDate "2020.08.07"]
[EventType "swiss (blitz)"]

{[%evp 9,124,0,19,0,30,42,38,-8,-12,-257,-260,-255,-262,-255,-245,-253,-251,-257,-269,-318,-325,-431,-433,-767,-711,-1042,-1050,-1506,-546,-543,-533,-508,-504,-662,-551,-561,-540,-583,-573,-676,-610,-610,-606,-636,-618,-597,-534,-635,-579,-557,-553,-541,-216,-219,-150,-172,-155,-301,-304,-330,-323,-322,-322,-362,-336,-333,-333,-316,-155,-329,-329,-29981,-29982,-29982,-29982,-29982,-29983,-29982,-29973,-29965,-8,-8,-8,-8,-8,-8,-8,-8,-8,-8,-8,-8,-8,-8,-8,-8,-8,-8,0,-8,0,-8,-8,-8,-8,-8,-8,-8,-8,-8,-8,-8,-8,-8,-8,-8,0]} 1. e4 c5 2. Nf3 d6 3. Bc4 e6 4. c3 Nc6 5. d4 cxd4 6. Nxd4 {[#] B50: Sicilian: 2...d6, Miscellaneous.} d5 $146 (6... Nf6 {with more complications.} 7. Nd2 Be7 8. Bd3 O-O 9. O-O Qc7) ({Predecessor:} 6... Nf6 7. Bg5 a6 8. O-O Be7 9. Re1 Qc7 10. Na3 h6 11. Bh4 Bd7 12. Nac2 Nxd4 13. Qxd4 {0-1 (45) Giusti,F (1584)-Pivari,F (1410) Lesa 2014}) 7. exd5 exd5 8. Nxc6 {White is slightly better.} bxc6 9. Qa4 $2 (9. Bd3 $11 {and White stays safe.}) 9... dxc4 $19 10. Qxc6+ Bd7 11. Qxc4 Nf6 12. O-O Be7 13. Re1 O-O 14. Bg5 Be6 15. Qh4 h6 16. Bxh6 (16. Bxf6 $142 Bxf6 17. Qh5) 16... gxh6 17. Qxh6 Ng4 18. Qf4 Qd6 (18... Bd6 $142 19. Qd4 Qh4) 19. Qxd6 Bxd6 20. h3 Nf6 21. g4 Rfe8 22. Nd2 Bd5 23. c4 Bb7 24. a3 Ne4 25. Nxe4 Bxe4 26. b4 Be5 27. Rad1 Bg6 28. Rd5 Bg7 29. Rxe8+ Rxe8 30. f4 Re1+ $2 (30... Be4 31. Rd2 Rc8) 31. Kf2 Rb1 32. f5 Bh7 33. h4 (33. Rd8+ $17 Bf8 34. c5) 33... Bf8 34. g5 Rb3 35. h5 Rxa3 36. g6 fxg6 (36... Bxb4 $2 37. Rd8+ Kg7 {[#]} 38. f6+ $1 {[%mdl 512]} Kh6 39. gxf7 $19) 37. hxg6 {[#]} Bxg6 $1 38. fxg6 {[%mdl 4096] Endgame KRB-KR} Ra4 (38... Bxb4 $19 {and Black stays clearly on top. Strongly threatening ...Rb3.} 39. Rd7 a5) 39. Rb5 $2 (39. Kf3 $17) 39... Rxb4 40. Rxb4 $2 (40. Ra5 $19) 40... Bxb4 {KB-KPP} 41. Ke3 Bc5+ 42. Ke4 a5 43. Kd5 Bb4 44. c5 a4 $2 (44... Be1 {mates} 45. Ke5 Kg7 46. c6 Bg3+ 47. Kd4 Kf6 48. Kd3 Kxg6 49. Kc3 Kf7 50. Kb3 Bd6 51. Kc4 Ke6 52. Kb5 Bc7 53. Kc5 Ke5 54. Kb5 Kd6 55. Kc4 Kxc6 56. Kc3 Kb5 57. Kd4 a4 58. Kc3 Be5+ 59. Kc2 Kc4 60. Kb1 a3 61. Ka2 Bd6 62. Kb1 Kc3 63. Kc1 a2 64. Kd1 Kd3 65. Ke1 a1=Q+ 66. Kf2 Qe5 67. Kf1 Qh2 68. Ke1 Qg1#) 45. c6 $11 {White threatens c7 and mate.The position is equal.} Ba5 46. Kc4 Kg7 {[#]} 47. c7 $1 {[%mdl 512]} Bxc7 {( -> ...a3). KB-KP} 48. Kb4 a3 {[%mdl 64] Decoy} 49. Kxa3 Bd6+ 50. Kb3 Bg3 51. Kc4 Bh4 52. Kd5 Bd8 53. Ke4 Bh4 54. Kf3 Bd8 55. Kg4 Bb6 56. Kf3 Ba5 57. Ke4 Bb4 58. Kd5 Ba3 59. Ke4 Bf8 60. Kd3 Be7 61. Ke4 Bd8 62. Kd5 Ba5 {[%mdl 32768] Whites escaped into a draw. Accuracy: White = 53%, Black = 76%. . Loss on time!?} 0-1

[Event "Stay Safe Play From Home 364"]
[Site "Emanuel Lasker Arena"]
[Date "2020.08.07"]
[Round "5"]
[White "Klasman"]
[Black "Buzaglo"]
[Result "0-1"]
[WhiteElo "1434"]
[BlackElo "1811"]
[Annotator "NA RC"]
[PlyCount "54"]
[EventDate "2020.08.07"]
[EventType "swiss (blitz)"]

1. f4 {[%emt 0:00:02]} e6 {[%emt 0:00:00]} 2. c4 {[%emt 0:00:01]} d5 {[%emt 0:00:00]} 3. cxd5 {[%emt 0:00:01]} Nf6 {[%emt 0:00:00]} 4. dxe6 {[%emt 0:00:02]} Bxe6 {[%emt 0:00:00]} 5. Nf3 {[%emt 0:00:01]} Bd6 {[%emt 0:00:00]} 6. e3 {[%emt 0:00:01]} c5 {[%emt 0:00:01]} 7. Nc3 {[%emt 0:00:02]} Nc6 {[%emt 0:00:00]} 8. d4 {[%emt 0:00:01]} O-O {[%emt 0:00:00]} 9. Bd3 {[%emt 0:00:03]} c4 {[%emt 0:00:01]} 10. Bc2 {[%emt 0:00:01]} Nd5 {[%emt 0:00:01]} 11. Nxd5 {[%emt 0:00:04]} Bxd5 {[%emt 0:00:00]} 12. O-O {[%emt 0:00:01]} b5 {[%emt 0:00:06]} 13. Ne5 {[%emt 0:00:01]} Bxe5 {[%emt 0:00:02]} 14. fxe5 {[%emt 0:00:01]} Qh4 {[%emt 0:00:01]} 15. g3 {[%emt 0:00:03]} Qh3 {[%emt 0:00:02]} 16. e4 {[%emt 0:00:11]} Be6 {[%emt 0:00:02]} 17. d5 {[%emt 0:00:01]} Bg4 {[%emt 0:00:01]} 18. Qd2 {[%emt 0:00:06]} Nxe5 {[%emt 0:00:02]} 19. Qf4 {[%emt 0:00:01]} Rae8 {[%emt 0:00:06]} 20. b3 {[%emt 0:00:02]} a5 {[%emt 0:00:04]} 21. bxc4 {[%emt 0:00:01]} bxc4 {[%emt 0:00:00]} 22. Bd2 {[%emt 0:00:01]} Nf3+ {[%emt 0:00:04]} 23. Rxf3 {[%emt 0:00:02]} Bxf3 {[%emt 0:00:00]} 24. Qxf3 {[%emt 0:00:01]} h5 {[%emt 0:00:02]} 25. Bc3 {[%emt 0:00:01]} f6 {[%emt 0:00:02]} 26. Rf1 {[%emt 0:00:03]} Qd7 {[%emt 0:00:05]} 27. Qxh5 {[%emt 0:00:03]} Qf7 {[%emt 0:00:00] Time Time Time Time Time (Lag: Av=0.50s, max=0.9s) (Lag: Av=0.50s, max=0.9s) (Lag: Av=0.50s, max=0.9s) (Lag: Av=0.50s, max=0.9s) (Lag: Av=0.50s, max=0.9s)} 0-1

[Event "Stay Safe Play From Home 364"]
[Site "Emanuel Lasker Arena"]
[Date "2020.08.07"]
[Round "6"]
[White "NTBT_DHS"]
[Black "BrainThinker22"]
[Result "1-0"]
[WhiteElo "2584"]
[BlackElo "2355"]
[Annotator "NA"]
[PlyCount "101"]
[EventDate "2020.08.07"]
[EventType "swiss (blitz)"]

1. d4 {[%emt 0:00:01]} d5 {[%emt 0:00:01]} 2. Nc3 {[%emt 0:00:00]} c6 {[%emt 0:00:01]} 3. Bf4 {[%emt 0:00:01]} Bf5 {[%emt 0:00:01]} 4. f3 {[%emt 0:00:00]} Nf6 {[%emt 0:00:01]} 5. e4 {[%emt 0:00:00]} dxe4 {[%emt 0:00:01]} 6. g4 {[%emt 0:00:00]} Bg6 {[%emt 0:00:01]} 7. Qe2 {[%emt 0:00:00]} exf3 {[%emt 0:00:01]} 8. Nxf3 {[%emt 0:00:00]} e6 {[%emt 0:00:01]} 9. O-O-O {[%emt 0:00:01]} Bd6 {[%emt 0:00:01]} 10. Ne5 {[%emt 0:00:01]} O-O {[%emt 0:00:02]} 11. h4 {[%emt 0:00:00]} h5 {[%emt 0:00:04]} 12. g5 {[%emt 0:00:02]} Bxe5 {[%emt 0:00:05]} 13. Bxe5 {[%emt 0:00:05]} Nd5 {[%emt 0:00:03]} 14. Ne4 {[%emt 0:00:00]} Qa5 {[%emt 0:00:02]} 15. Kb1 {[%emt 0:00:03]} Na6 {[%emt 0:00:01]} 16. a3 {[%emt 0:00:05]} Rad8 {[%emt 0:00:05]} 17. Bg2 {[%emt 0:00:01]} Rfe8 {[%emt 0:00:01]} 18. Rhf1 {[%emt 0:00:01]} c5 {[%emt 0:00:01]} 19. Nd6 {[%emt 0:00:03]} cxd4 {[%emt 0:00:04]} 20. Nxe8 {[%emt 0:00:01]} Rxe8 {[%emt 0:00:04]} 21. Bxd5 {[%emt 0:00:01]} exd5 {[%emt 0:00:02]} 22. Qh2 {[%emt 0:00:02]} Qb6 {[%emt 0:00:01]} 23. Bxd4 {[%emt 0:00:01]} Qc6 {[%emt 0:00:01]} 24. Rfe1 {[%emt 0:00:01]} Rc8 {[%emt 0:00:01]} 25. Rd2 {[%emt 0:00:00]} Nc7 {[%emt 0:00:01]} 26. Re3 {[%emt 0:00:05]} Nb5 {[%emt 0:00:01]} 27. Qe5 {[%emt 0:00:06]} Bxc2+ {[%emt 0:00:03]} 28. Ka1 {[%emt 0:00:00]} Nxd4 {[%emt 0:00:03]} 29. Qxd4 {[%emt 0:00:00]} Bg6 {[%emt 0:00:03]} 30. Rc3 {[%emt 0:00:01]} Qe8 {[%emt 0:00:01]} 31. Rxc8 {[%emt 0:00:03]} Qxc8 {[%emt 0:00:00]} 32. Rd1 {[%emt 0:00:00]} Qc2 {[%emt 0:00:01]} 33. Qxd5 {[%emt 0:00:01]} Kh7 {[%emt 0:00:01]} 34. Qd2 {[%emt 0:00:01]} Qb3 {[%emt 0:00:00]} 35. Rc1 {[%emt 0:00:03]} Qe6 {[%emt 0:00:01]} 36. Qb4 {[%emt 0:00:02]} a6 {[%emt 0:00:00]} 37. Qc4 {[%emt 0:00:00]} Qf5 {[%emt 0:00:00]} 38. Qc3 {[%emt 0:00:01]} Qg4 {[%emt 0:00:00]} 39. Qc4 {[%emt 0:00:01]} Qf5 {[%emt 0:00:00]} 40. Qb4 {[%emt 0:00:01]} Qg4 {[%emt 0:00:00]} 41. Qxg4 {[%emt 0:00:01]} hxg4 {[%emt 0:00:00]} 42. Rg1 {[%emt 0:00:00]} f5 {[%emt 0:00:00]} 43. gxf6 {[%emt 0:00:01]} gxf6 {[%emt 0:00:00]} 44. Rxg4 {[%emt 0:00:00]} f5 {[%emt 0:00:00]} 45. Rf4 {[%emt 0:00:00]} Kg7 {[%emt 0:00:00]} 46. Kb1 {[%emt 0:00:00]} Kf6 {[%emt 0:00:00]} 47. Kc2 {[%emt 0:00:00]} Bh7 {[%emt 0:00:00]} 48. Rb4 {[%emt 0:00:00]} Bg8 {[%emt 0:00:00]} 49. Kd2 {[%emt 0:00:00]} Bd5 {[%emt 0:00:00]} 50. Rb6+ {[%emt 0:00:01]} Ke5 {[%emt 0:00:00]} 51. Rb4 {[%emt 0:00:00] Time Time Time Time Time} 1-0

[Event "Stay Safe Play From Home 364"]
[Site "Emanuel Lasker Arena"]
[Date "2020.08.07"]
[Round "6"]
[White "Tran Minh Thang"]
[Black "AChessPlayer"]
[Result "0-1"]
[WhiteElo "2437"]
[BlackElo "2420"]
[Annotator "TA"]
[PlyCount "98"]
[EventDate "2020.08.07"]
[EventType "swiss (blitz)"]

{[%evp 16,98,30,16,72,62,61,24,56,37,66,33,35,31,42,55,38,38,52,42,125,49,253,77,79,41,76,65,183,167,195,10,44,-128,-63,-79,48,15,16,13,75,8,109,34,102,95,354,352,316,57,57,69,53,-7,-2,-8,-3,-66,-66,-70,-70,-71,-70,-80,0,0,0,-665,-8,-29,-31,-32,-4,-29,-48,-68,-29,-63,-20,-116,-117,-1438,-117,-118,-65]} 1. d4 Nf6 2. Bf4 d6 3. e3 Nbd7 4. Nf3 c6 5. h3 g6 6. Be2 Bg7 7. O-O O-O 8. c4 Re8 {8...Ne4 deserves study.} 9. Nc3 Qc7 {E61: King's Indian: Early deviations for White, including Smyslov System.} (9... e5 $11 10. dxe5 dxe5 11. Nxe5 Nh5 12. Bxh5 Nxe5) 10. Bh2 b6 11. b4 a5 {White has an edge.} 12. a3 Bb7 13. c5 axb4 14. axb4 bxc5 15. bxc5 Rxa1 16. Qxa1 {[#]} Ra8 $146 ({Predecessor:} 16... Bf8 17. cxd6 exd6 18. Qa2 Ra8 19. Qc2 Ba6 20. Nb5 Bxb5 21. Bxb5 c5 22. Rd1 Qa5 {½-½ (42) Saleh,A (2105)-Santa Torres,L (2245) Moscow 1994}) 17. Qb2 Ne8 (17... Bf8 $1 $14) 18. Rb1 (18. Qb3 $16) 18... Rb8 $2 (18... Ba6 $14) 19. cxd6 $2 (19. Qa2 $18 {has better winning chances.}) 19... exd6 $16 20. Qa3 Ra8 21. Qb3 Bc8 (21... Ba6 $14) 22. Ng5 Ndf6 23. Nce4 $2 ({Only move:} 23. Bc4 $18) 23... Qe7 24. Bf3 $2 (24. Nd2 $14 {keeps the upper hand.}) 24... d5 (24... Nxe4 $17 25. Nxe4 Bf5) 25. Nc5 Nd6 ({Better is} 25... h6 $17 26. Nxf7 Qxf7) 26. Bxd6 (26. Qb6 {is more complex.} Bf5 27. Re1 Rc8 28. g4 Bd7 29. Qa6) 26... Qxd6 27. Be2 Qe7 (27... Bf8 $11 {remains equal.}) 28. Nf3 (28. Qb6 $16) 28... Ne8 (28... Nd7 $11 {keeps the balance.}) 29. Bd3 ({White should play} 29. Qb6 $16) 29... Nd6 (29... Qc7 $14) 30. Qb6 Bd7 $2 {[%mdl 8192]} (30... Qe8 $16 {might work better.}) 31. Qc7 $18 Rd8 {[#]} 32. Rb8 $2 (32. Ne5 $1 $18 {[%cal Re5c6][%mdl 512]} Bxe5 33. dxe5) 32... Rxb8 $14 33. Qxb8+ Be8 34. Ne5 (34. Bc2 $14) 34... Bxe5 $11 35. dxe5 Qxe5 36. Nd7 (36. Nb7 $1 $11 Nc4 37. Qd8) 36... Qe7 $15 37. Nc5 Kg7 38. Qb2+ f6 39. Qb6 Ne4 (39... Nc4 $17 40. Qb4 Bf7) 40. Bxe4 $11 dxe4 41. Qb3 $2 {[%mdl 8192]} (41. Qb8 $11) 41... h5 $2 (41... Qxc5 $19 42. Qb7+ Bf7) 42. Ne6+ Kh7 {...Bf7 is the strong threat.} 43. Nd4 Bf7 44. Qc3 c5 45. Ne2 Kg7 46. Qc1 Qe5 47. Nf4 (47. h4 $11) 47... g5 48. Qe1 $2 {[%mdl 8192]} (48. Ne2 $17) 48... h4 $2 (48... gxf4 $19 {is more deadly.} 49. exf4 Qxf4) 49. Ne2 $17 c4 {What a fight! Accuracy: White = 31%, Black = 27%.} (49... Qe6 $17 50. Qa1 Kg6) 0-1

[Event "Stay Safe Play From Home 364"]
[Site "Emanuel Lasker Arena"]
[Date "2020.08.07"]
[Round "6"]
[White "Little champs"]
[Black "Hickey"]
[Result "0-1"]
[WhiteElo "2136"]
[BlackElo "2121"]
[Annotator "TA"]
[PlyCount "108"]
[EventDate "2020.08.07"]
[EventType "swiss (blitz)"]

{[%evp 12,107,0,0,76,76,74,73,102,89,107,57,54,59,58,41,58,64,107,105,134,65,285,74,69,52,63,62,156,157,166,115,144,84,83,31,22,15,46,9,21,0,0,0,33,0,27,0,43,0,3,-19,36,6,101,99,102,97,108,101,108,102,106,103,116,113,108,117,704,689,1404,0,0,-526,-526,-516,-516,-516,-509,-467,-460,-503,-476,-484,-376,-618,-627,-615,-607,-1450,-790,-29994,-597,-548,-513,-29992,-29993,-29999]} 1. d4 Nf6 2. e3 e6 3. Nf3 Be7 4. Be2 O-O 5. O-O b6 6. c4 Bb7 7. Nc3 c5 {E14: Queen's Indian: Classical Variation (4 e3).} (7... d5 $11) 8. d5 $1 $16 {[%cal Rd5d6] Hoping for d6.} d6 9. e4 e5 {White is better.} 10. Ne1 Re8 11. f4 exf4 $1 12. Bxf4 Nbd7 13. Nd3 a6 14. a4 Bf8 15. Bf3 {[#]} g6 $146 ({Predecessor:} 15... Ne5 16. Nxe5 dxe5 17. Be3 Qd7 18. Qe2 Reb8 19. Rf2 Ne8 20. Bg4 Qc7 21. Raf1 Nd6 22. Rxf7 Nxf7 {1-0 (36) Krasteva,B (1933)-Kisic,B (2215) Paracin 2016}) 16. Re1 (16. Qd2 $16) 16... Bg7 $2 (16... Qc7 $14) 17. Qd2 $2 (17. Bxd6 $18 {and the rest is easy.} h6 18. e5) 17... Qc7 18. h3 Rad8 19. Re2 Ne5 (19... Re7 $14) 20. Nxe5 dxe5 21. Bh2 (21. Be3 $18) 21... Re7 22. Qg5 (22. Bg3 $142) 22... Ne8 23. Rd1 (23. a5 $16) 23... Nd6 24. b3 $1 Bc8 25. Qd2 Rf8 26. Rf2 Bd7 27. Re1 h6 28. Ref1 Kh7 29. Qe2 Ree8 30. Nd1 Qd8 31. Ne3 Qb8 (31... Qe7 $11) 32. Bg4 Bxg4 (32... Qd8 $11 {keeps the balance.}) 33. Nxg4 ({Reject} 33. Qxg4 $6 Qd8 $11) 33... b5 34. axb5 axb5 35. Nf6+ $1 Bxf6 36. Rxf6 bxc4 37. bxc4 Kg7 38. h4 h5 39. g4 hxg4 $2 {[%mdl 8192]} (39... Nf5 $16) 40. Qxg4 $18 Nxc4 41. Qg3 $2 ({White has to play} 41. h5 $18 {[%cal Rh5g6]} Kh8 42. Qg5) 41... Nd2 {[%mdl 64] Double Attack} 42. Re1 $2 {[%mdl 8192]} (42. h5 $1 $11 Nxf1 43. Qg5 $1 {[%mdl 512]}) 42... Kxf6 $19 43. Qf2+ Kg7 {...Qb4 is the strong threat.} 44. Qxd2 Qb4 45. Qe2 Qd4+ 46. Kg2 c4 47. Bg1 Qd3 48. Qf2 $2 (48. Qxd3 cxd3 49. Rd1) 48... Rb8 49. Re3 Qb1 {Threatens to win with ...Rb2.} 50. Kh3 Rb2 51. Qg3 Qc2 (51... Qf1+ $142 52. Kg4 f5+ 53. Kg5 {[#]} Rg2 $1 {[%mdl 576] Double Attack} 54. Bf2 Qxf2 {[%mdl 64] Pin} 55. Rf3 Rxg3+ 56. Rxg3 Qxg3#) 52. Qxe5+ f6 {[%csl Gb2][%cal Rc2g2]} 53. Qe7+ (53. Qg3 $19 Rb3 54. h5 Rxe3 55. Qxe3) 53... Rf7 {[%csl Gb2][%cal Rc2g2]} 54. Qe6 Qg2# {Accuracy: White = 51%, Black = 48%.} 0-1

[Event "Stay Safe Play From Home 364"]
[Site "Emanuel Lasker Arena"]
[Date "2020.08.07"]
[Round "6"]
[White "Lazieri3"]
[Black "TheCHESSHOUSE"]
[Result "0-1"]
[WhiteElo "2042"]
[BlackElo "2042"]
[Annotator "TA"]
[PlyCount "72"]
[EventDate "2020.08.07"]
[EventType "swiss (blitz)"]

{[%evp 9,72,0,0,-7,0,0,0,-64,-21,-22,-15,-329,-329,-362,-360,-336,-289,-604,-591,-786,-235,-717,-114,-150,1,18,42,44,295,190,337,340,451,472,468,439,666,168,154,114,287,-19,0,-253,-242,-330,-327,-308,-300,-277,-144,-152,-126,-204,-185,-155,-124,-145,0,-125,-99,-145,-108,-122,-112]} 1. f3 d5 2. e4 dxe4 3. fxe4 Nc6 4. Nf3 e5 5. Bc4 Nf6 6. d3 {C30: King's Gambit Declined.} Bc5 7. Nc3 O-O 8. Bd2 {[#]} (8. Bg5 $11) 8... h6 $146 ({Predecessor:} 8... Ng4 9. Qe2 Nd4 10. Nxd4 Bxd4 11. g3 Nf6 12. h3 Qe7 13. O-O-O Be6 14. Bb3 Rad8 {0-1 (37) Svane,R (1034)-Winterholler,C (1332) Willingen 2006}) 9. Qe2 Bg4 {Threatens to win with ...Nd4.} 10. h3 $2 {[%mdl 8192]} (10. Qf1 $11) 10... Nd4 $19 11. Qd1 Bxf3 $1 12. gxf3 a6 13. Rf1 $2 (13. f4) 13... b5 14. Bb3 {[#] Now f4 and White clings on.} c6 $2 (14... Ng4 $1 {[%mdl 512]} 15. Bg5 (15. fxg4 Qh4+) 15... Qxg5 16. hxg4 Qe3+ 17. Ne2 Be7) 15. Ne2 $2 {[#]} (15. f4 Qd7 16. f5) 15... Nd7 $2 (15... Nxe4 $1 $19 {[%mdl 512] is more deadly. ( -> ...Qh4+)} 16. Bg5 (16. dxe4 Qh4+) 16... Nxg5 17. Nxd4 Qxd4) 16. Nxd4 $17 exd4 $2 (16... Bxd4 $17 17. Qe2 Bxb2) 17. Qe2 $11 Qh4+ 18. Qf2 Qxh3 $2 {[%mdl 8192]} ({Better is} 18... Qxf2+ $14 19. Kxf2 Bd6) 19. Rg1 {Hoping for 0-0-0.} Ne5 (19... a5 $142) 20. Ke2 $18 Kh7 21. Rg3 Qh5 22. Rag1 Ng6 (22... g6 $142 23. R3g2 Qxf3+ 24. Qxf3 Nxf3) 23. Bxf7 $2 (23. Qg2) 23... Rxf7 24. Rxg6 Raf8 $2 (24... Qxg6 $16 {keeps fighting.} 25. Rxg6 Kxg6) 25. R6g3 $2 ({White should try} 25. Qg2 $18 {[%cal Rg6g7]} Qxf3+ 26. Qxf3 Rxf3 27. b4 (27. Rxc6 Rf2+ 28. Kd1 Be7 $14) (27. Rxg7+ Kh8 $18) 27... Rf2+ 28. Ke1) 25... Bd6 $1 $36 {[%cal Rd6g3][%mdl 2048] Black has the initiative.} 26. R3g2 $2 {[%mdl 8192]} (26. Rg4 $11) 26... Be5 $19 {[%cal Rf7f3]} ({And not} 26... Rxf3 27. Rxg7+ Kh8 28. Rg8+ Rxg8 29. Rxg8+ Kxg8 30. Qxf3 $11) 27. Rg4 {With the idea Qg2.} Rxf3 28. Qxf3 Rxf3 29. Kxf3 Qh3+ (29... Qf7+ $19 30. Ke2 Qxa2) 30. Ke2 Qh2+ 31. R4g2 (31. R1g2 $17 {might work better.} Qh5 32. b4) 31... Qh5+ 32. Ke1 Qh4+ 33. Kd1 {[#]} Qh5+ ({Black should play} 33... c5 $1 $17 {Strongly threatening ...c4.} 34. Rf1 c4) 34. Kc1 (34. Ke1 $1 $11 {was the only way to keep the balance.}) 34... c5 $17 35. Be1 Bf6 36. Bg3 Qf3 {Accuracy: White = 34%, Black = 40%.} 0-1